00682nam a2200181 a 450000100100000000500170001000800410002702000180006804000250008624500780011126000600018930000210024950000420027050400280031270000350034095201080037599900170048300004066720201002034305.0130905s2009 sp 000 0 spa d a9788432313820 aDO-SdBNPbspacBNPHU00aIberoamérica 2020 :bretos ante la crisis. /ceditor Felipe González. aMadrid :bFundación CarolinabSiglo Veintiuno,c2009. a407 p. ;c26 cm. aIncluye notas al pie de las páginas aBibliografía : p. 4071 aGonzález, Felipeeed.967033 001050718MOaGRbGRcCTd2013-09-05iLF1l0o2009p40667-10r2020-06-25w2020-06-25y1ZNo se presta c40157d40157